| 000 | 04565nam a22004817a 4500 | ||
|---|---|---|---|
| 005 | 2011121408358.0 | ||
| 010 | _aENG-104340 B-490274-290 | ||
| 020 |
_a9788120344556 _c625.00 |
||
| 035 | _aEN -87873 B-490274-290 | ||
| 037 | _bDBAD/PUB | ||
| 037 | _bPrabhat Prakashan/Ven | ||
| 082 | _a005.5 | ||
| 100 |
_aLambert, Joan _955123 |
||
| 245 |
_aMOS 2010 study guide for Microsoft Word, Excel, PowerPoint, and Outlook / _cby Joan Lambert [and] Joyce Cox |
||
| 260 |
_aNew Delhi _bPHI Learning _c2012 |
||
| 270 |
_aM-97, Connaught Circus _bNew Delhi _e110001 |
||
| 300 |
_axlii,690p. : _c24cm(pbk) _bill. |
||
| 500 | _aIncludes index | ||
| 610 |
_aMicrosoft Corporation _xExaminations _vStudy guides. _955124 |
||
| 650 |
_aBusiness _xComputer programs _xExaminations _vStudy guides. _955125 |
||
| 650 |
_aElectronic data processing personnel _xCertification _vStudy guides. _955126 |
||
| 700 |
_936394 _aCox, Joyce _d1946- |
||
| 942 |
_2ddc _cEN _mLAM _h005.5 |
||
| 999 |
_c59450 _d59450 |
||